000 00263nam a2200109Ia 4500
008 200302s9999 xx 000 0 und d
100 _aAndreas Papadakis
245 _aArchitectural Design A House for Today
260 _bPublisher
260 _c1986
300 _a80 P.,
999 _c774
_d774